00665nam a22001097a 4500040000800000082002700008100002000035245036200055260002600417300002500443856008700468 cRUA aAGR NAM 2012 B053 Or.1 aNAM, PUTHYVORN. acomparison of differenttype of organic fertilizerson chinese cabbage (brassica chinensis) at royal university of agriculture (ប្រៀបធៀបប្រភេទជីសរីរាង្គខុសៗគ្នា ទៅលើដំណាំស្ពៃតឿ នៅសាកលវិទ្យាល័យភូមិន្ទកសិកម្ម) aPhnom PenhbRUAc2012 ax, 39p.bill.c29cm. uhttps://drive.google.com/file/d/1UpCC3YOSGa7DAJT1kuojF-c1kM07arfj/view?usp=sharing